AMC 50 Greatest Actors of All Time - Statistics

General Stats
  • This quiz has been taken 1,856 times
  • The average score is 23 of 50
Answer Stats
Hint Answer % Correct
Robert De Niro
81%
Marlon Brando
80%
Al Pacino
79%
Tom Hanks
71%
Jack Nicholson
70%
Humphrey Bogart
69%
James Stewart
65%
Cary Grant
62%
Clark Gable
62%
Denzel Washington
61%
Dustin Hoffman
61%
John Wayne
61%
Morgan Freeman
60%
Paul Newman
58%
Clint Eastwood
56%
Charles Chaplin
53%
Gregory Peck
53%
Kirk Douglas
53%
Laurence Olivier
53%
Anthony Hopkins
51%
Henry Fonda
51%
Daniel Day-Lewis
50%
James Dean
50%
Gary Cooper
48%
Sidney Poitier
47%
Spencer Tracy
47%
Gene Hackman
45%
Johnny Depp
45%
Burt Lancaster
42%
Sean Connery
42%
Michael Caine
40%
Jack Lemmon
39%
James Cagney
39%
Gene Kelly
38%
Sean Penn
38%
Orson Welles
37%
Richard Burton
37%
Buster Keaton
35%
Fred Astaire
35%
Steve McQueen
34%
Russell Crowe
32%
William Holden
30%
Robert Mitchum
26%
George C. Scott
25%
Peter Sellers
25%
Edward G. Robinson
18%
Errol Flynn
18%
Groucho Marx
16%
James Mason
11%
William Powell
9%
No matching quizzes found
Score Distribution
Percent of People with Each Score
Percentile by Number Answered
Your Score History
You have not taken this quiz